| 000 | 00880cam a2200145ua 4500 | ||
|---|---|---|---|
| 041 |
_aeng _h |
||
| 082 |
_a631.361 _bIND/SP |
||
| 110 | 1 |
_aIndian Standard Institution . _b _c(New Delhi ) |
|
| 245 | _aSpecification for power threshers, spike tooth type, IS:11691-1986 | ||
| 260 |
_aNew Delhi : _bIndian Standards Institution , _c1986. |
||
| 300 | _a8 ; . | ||
| 504 | _a | ||
| 942 | _cBK | ||
| 999 |
_c4489 _d4489 |
||